Entry Nombre personal
001 - NÚMERO DE CONTROL
- campo de control: 103195
003 - IDENTIFICADOR DE NÚMERO DE CONTROL
- campo de control: OSt
005 - FECHA Y HORA DE LA ÚLTIMA TRANSACCIÓN
- campo de control: 20250818174538.0
008 - ELEMENTOS DE DATO DE LONGITUD-FIJA
- campo de control de longitud fija: 960618 n acnnnaaan n ann d
040 ## - FUENTE DE CATALOGACIÓN
- Centro catalogador/agencia de origen: OSt
- Centro/agencia transcriptor: OSt
100 1# - ENCABEZAMIENTO-NOMBRE DE PERSONA
- Nombre de persona: Sanpere i Miquel, Salvador,
- Fechas asociadas al nombre: 1840-1915
400 1# - TRAZADO DE VÉASE--NOMBRE DE PERSONA
- Nombre de persona: Sampere y Miguel, Salvador (
- Fechas asociadas al nombre: 1840-1915)
400 1# - TRAZADO DE VÉASE--NOMBRE DE PERSONA
- Nombre de persona: Sanpere y Miquel, S. (
- Fechas asociadas al nombre: 1840-1915)
400 1# - TRAZADO DE VÉASE--NOMBRE DE PERSONA
- Nombre de persona: Sampere y Miquel, Salvador (
- Fechas asociadas al nombre: 1840-1915)
